000 00716nam a22001577a 4500
003 OSt
005 20151007160036.0
008 151007b xxu||||| |||| 00| 0 eng d
040 _cRUA
082 _aAVM CHE 2006 B077 Or.1
100 _92302
_aCHEAT SOPHAL
245 _aInfluence of supplementary soybean oil and vitamin e in basic diet on growth performance of broiler, (ឥទ្ធិពលនៃការបន្ថែមប្រេងសណ្ដែកសៀង និងវីតាមីនអឺ ក្នុងចំណីគ្រឹះលើការលូតលាស់របស់មាន់សាច់)
260 _aphnom penh
_brua
_c2006
300 _axi, 41p.
_bill.
_c29cm.
942 _2ddc
_cAVM
999 _c2170
_d2170